Cities That Start With 'D' - Statistics

General Stats
  • This quiz has been taken 27 times
  • The average score is 9 of 10
Answer Stats
Clue City % Correct
Syria's Largest City Damascus
100%
Home To America's Automobile Industry Detroit
100%
Ireland's Capital Dublin
100%
Bangladesh's Capital Dhaka
96%
German City Bombed In WW-2 Dresden
96%
Mile High City Denver
92%
South African City With Large Indian Community Durban
92%
America's 'Big D' Dallas
88%
Palm Jumeirah Dubai
65%
Humayun's Tomb Delhi
54%
No matching quizzes found
Score Distribution
Percent of People with Each Score
Percentile by Number Answered
Your Score History
You have not taken this quiz